000 00532nam a2200193Ia 4500
003 GCL
005 20240530110923.0
008 140319s1987 fr af 000 0 eng d
040 _aGCL /
_cGCL
082 0 4 _a792/
_bB T
100 1 _aBanu, Georges
245 1 3 _aLe Theatre Dans La Ville /
_cGeorges Banu
260 _aFrance :
_bCentre National de la Recherche Scientifique ،
_c1987.
300 _a265 P:
_bill ;
_c30 cm.
650 0 4 _aTHEATER
650 0 4 _aTHEATER
_xENVIRONMENT
650 0 4 _aTHEATER
_xART
942 _2ddc
_cBK
999 _c66521
_d66521